=LDR 00000nam 2200000 4500 =001 INLIS000000000023433 =005 20130612122111 =008 ***********************************ind** =035 ##$$0010-061300000023433 =041 ##$$a ind =082 ##$$a 2x1.3 =090 ##$$a 2x1.3, MUH t =100 ##$$a Muhammad, Afif =245 ##$$a Tafsir Al-Quran untuk anak-anak, Surat Al Fatihah, Afif Muhammad =260 ##$$a 2002 $b Bandung =300 ##$$a 47 hlm., ilus., 27 cm =650 ##$$a Tafsir Al-Quran =650 ##$$a anak-anak =850 ##$$a NBPNMAT